ՀՀ Գիտությունների ազգային ակադեմիայի հիմնարար գիտական գրադարան  =   Fundamental Scientific Library of NAS RA

Семейная хроника / (Record no. 309337)

MARC details
000 -LEADER
fixed length control field 00650nam a2200205 a 4500
001 - CONTROL NUMBER
control field 000878957
003 - CONTROL NUMBER IDENTIFIER
control field AM-YeHGA
005 - DATE AND TIME OF LATEST TRANSACTION
control field 20250617145306.0
008 - FIXED-LENGTH DATA ELEMENTS--GENERAL INFORMATION
fixed length control field 120327s1983 ||| r 000 0 rus d
040 ## - CATALOGING SOURCE
Original cataloging agency AM-YeHGA
041 0# - LANGUAGE CODE
Language code of text/sound track or separate title rus
090 ## - LOCALLY ASSIGNED LC-TYPE CALL NUMBER (OCLC); LOCAL CALL NUMBER (RLIN)
-- 311049
100 1# - MAIN ENTRY--PERSONAL NAME
Personal name Аксаков, Сергей Тимофеевич
Dates associated with a name 1791-1859.
245 10 - TITLE STATEMENT
Title Семейная хроника /
Statement of responsibility, etc. С.Т. Аксаков.
260 ## - PUBLICATION, DISTRIBUTION, ETC.
Place of publication, distribution, etc. Уфа :
Name of publisher, distributor, etc. Башк. кн. изд-во,
Date of publication, distribution, etc. 1983.
300 ## - PHYSICAL DESCRIPTION
Extent 206 с. :
Other physical details ил.
440 #0 - SERIES STATEMENT/ADDED ENTRY--TITLE
Title Золотые родники
653 0# - INDEX TERM--UNCONTROLLED
Uncontrolled term Помещики в России (х. л.)
653 0# - INDEX TERM--UNCONTROLLED
Uncontrolled term Урал, 19-20 вв. (х. л.)
Holdings
Withdrawn status Lost status Damaged status Not for loan Collection Home library Current library Date acquired Total checkouts Full call number Barcode Date last seen Price effective from Koha item type Public note
        General Fundamental Scientific Library Fundamental Scientific Library 09/01/2017   PII/505219 FL0223155 09/01/2017 09/01/2017 Գրքեր / Books 30 Days Loan


ՀՀ ԳԱԱ հիմնարար գիտական գրադարան
ՀՀ,Երևան 0019
Մարշալ Բաղրամյան 24/6
հեռախոս:(374-10) 52-47-50
Հետադարձ կապ

All site content, except where otherwise noted, is licensed under a
Creative Commons License